000 00471nam a2200169 4500
001 136733
003 ES-MaACL
005 20230906195219.0
007 t|
008 070214s1971 sp r ||||1| spa d
100 1 _aSaladrigas, Robert.
_9101699
245 1 4 _aLas confesiones no católicas de España /
_cRoberto Saladrigas.
250 _a1ª ed.
260 _aBarcelona :
_bPenínsula,
_c1971.
300 _a346 p. ;
_c19 cm.
852 _aES-MaACL
_jC-49675
_bR.76659
999 _c136733
_d136733